La Teología en el Cono Sur ante el hecho y la ideología de la globalización /
Guardado en:
| Hovedforfatter: | |
|---|---|
| Format: | Texto |
| Fag: | |
| Tags: |
Tilføj Tag
Ingen Tags, Vær først til at tagge denne postø!
|
MARC
| LEADER | 00000 a a2200000 04500 | ||
|---|---|---|---|
| 001 | 3730 | ||
| 003 | |||
| 040 | |||
| 100 | |a Scannone, Juan Carlos | ||
| 245 | |a La Teología en el Cono Sur ante el hecho y la ideología de la globalización / |c Juan Carlos Scannone | ||
| 650 | |a GLOBALIZACION | ||
| 650 | |a CRISTIANISMO | ||
| 650 | |a MERCOSUR | ||
| 650 | |a SOCIEDAD CIVIL | ||
| 650 | |a MOVIMIENTOS SOCIALES | ||
| 650 | |a CULTURA | ||
| 650 | |a IDEOLOGIAS | ||
| 773 | |g número 178; páginas 21-43 | ||
| 999 | |c 25574 |d 25574 | ||
